| 000 | 00681nam a22002297a 4500 | ||
|---|---|---|---|
| 005 | 20241217144536.0 | ||
| 008 | 241217b |||||||| |||| 00| 0 eng d | ||
| 020 | _a9789085731481 | ||
| 020 | _a9789290815792 | ||
| 040 |
_aKMU _cKMU _dKMU _erda |
||
| 050 | _aSF 95 | ||
| 245 |
_aCrop residues for animal feed: _bespecially in stall-feeding / _cAdri Vink and Hans Schiere |
||
| 260 |
_aWageningen: _bAgromisa Foundation and CTA, _c2015. |
||
| 300 |
_a91p. : _bill. ; _c21 cm. |
||
| 490 | _aSeries 53 | ||
| 500 | _aInclude further reading and glossary | ||
| 650 | _aCrop residues | ||
| 650 | _aAnimal Feed | ||
| 700 | _aVink Adri | ||
| 700 | _aSchiere Hans | ||
| 942 |
_cBK _2lcc _n0 |
||
| 999 |
_c1502 _d1502 |
||